| 000 | 00444nam a22001817a 4500 | ||
|---|---|---|---|
| 003 | NUST - PNEC | ||
| 005 | 20170116180941.0 | ||
| 008 | 150907b xxu||||| |||| 00| 0 eng d | ||
| 020 | _a- | ||
| 040 | _cLIBRARY | ||
| 082 | _a621.321 BOA | ||
| 100 |
_98704 _aBoast, Warren B. |
||
| 245 |
_aIllumination Engineering _cWarren B. Boast |
||
| 250 | _a2nd ed. | ||
| 260 | _c1953 | ||
| 650 |
_98707 _aElectrical engineering _xEE |
||
| 942 |
_2ddc _cBK |
||
| 999 |
_c66146 _d66146 |
||